书目信息 |
| 题名: |
气候动力学的新思维
|
|
| 作者: | 薛凡炳 著 | |
| 分册: | ||
| 出版信息: | 北京 科学出版社 2018.03 |
|
| 页数: | 133页 | |
| 开本: | 24cm | |
| 丛书名: | ||
| 单 册: | ||
| 中图分类: | P466 | |
| 科图分类: | ||
| 主题词: | 天气气候学--空气动力学--研究 | |
| 电子资源: | ||
| ISBN: | 978-7-03-054204-5 | |
| 000 | 00810nam0 2200217 450 | |
| 001 | 4347 | |
| 005 | 20181011103509.27 | |
| 010 | @a978-7-03-054204-5@dCNY68.00 | |
| 100 | @a20180513d2018 em y0chiy50 ea | |
| 101 | 0 | @achi |
| 102 | @aCN@b110000 | |
| 105 | @aa z 000yy | |
| 200 | 1 | @a气候动力学的新思维@9qi hou dong li xue de xin si wei@f薛凡炳著 |
| 210 | @a北京@c科学出版社@d2018.03 | |
| 215 | @a133页@c图@d24cm | |
| 330 | @a本书在建立湿斜压大气动力学的基础上,根据自组织原理研究了具有季节变化的水汽凝结释热反馈过程。全书共分五章,包括非绝热大气动力学方程组及解析性质、响应微加热强迫的发展方程、天文气候韵律系、EI Nino现象的理论研究等。 | |
| 606 | 0 | @a天气气候学@x空气动力学@x研究 |
| 690 | @aP466@v5 | |
| 701 | 0 | @a薛凡炳@9xue fan bing@4著 |
| 801 | 0 | @aCN@b91MARC@c20180513 |
| 905 | @aMuseLib@dP466@e123 | |
| 气候动力学的新思维/薛凡炳著.-北京:科学出版社,2018.03 |
| 133页:图;24cm |
| ISBN 978-7-03-054204-5:CNY68.00 |
| 本书在建立湿斜压大气动力学的基础上,根据自组织原理研究了具有季节变化的水汽凝结释热反馈过程。全书共分五章,包括非绝热大气动力学方程组及解析性质、响应微加热强迫的发展方程、天文气候韵律系、EI Nino现象的理论研究等。 |
| ● |
| 相关链接 |
|
|
|
|
正题名:气候动力学的新思维
索取号:P466/123
 
预约/预借
| 序号 | 登录号 | 条形码 | 馆藏地/架位号 | 状态 | 备注 |
| 1 | 1124726 | 211247266 | 第二样本阅览室/ [索取号:P466/123] | 在馆 | |
| 2 | 1124727 | 211247275 | 第三借阅区/ [索取号:P466/123] | 在馆 | |
| 3 | 1124728 | 211247284 | 第三借阅区/ [索取号:P466/123] | 在馆 | |
| 4 | 1124729 | 211247293 | 第三借阅区/ [索取号:P466/123] | 在馆 | |
| 5 | 1124730 | 211247300 | 资源管理系资料室/ [索取号:P466/123] | 在馆 |